000 00343nam a22001577a 4500
003 SGT
020 _a9789332570016
082 _a153.94
_bSIN
100 _aSINHA,NISHIT.K.
245 _aQUANTITATIVE APTITUDE FOR THE CAT.
250 _a4TH
260 _aNOIDA
_bPEARSON
_c2017
300 _a5.27
650 _aMATHE MATICS
942 _2ddc
_cBK
999 _c14809
_d14809